| 000 | 00994cam a22002537a 4500 | ||
|---|---|---|---|
| 003 | MX-MxUPN | ||
| 005 | 20231114201357.0 | ||
| 008 | 231023s1995 mx| |||fr|||| 000 0 spa d | ||
| 020 | _a9682984467 | ||
| 040 |
_aMX-MxUPN _bspa |
||
| 050 | 4 |
_aQA154.2 _bE57 1995 |
|
| 100 | 1 |
_950633 _aEnríquez Harper, Gilberto |
|
| 245 | 1 | 0 | _aMatemáticas prácticas para técnicos en electricidad y electrónica |
| 250 | _aPrimera edición | ||
| 260 |
_aMéxico, D.F.: _bSecretaría de Educación Pública, Dirección General de Educación Tecnológica e Industrial, _c1995. |
||
| 300 | _a521 páginas | ||
| 490 | 0 | _aColección DGETI | |
| 650 | 4 |
_92077 _aÁlgebra _xEstudio y enseñanza (Media superior) |
|
| 650 | 4 |
_97855 _aAritmética _xEstudio y enseñanza (Media superior) |
|
| 650 | 4 |
_950631 _aElectrónica _xEstudio y enseñanza (Media superior) |
|
| 650 | 4 |
_950632 _aElectricidad _xEstudio y enseñanza (Media superior) |
|
| 902 |
_alc23102023 _bVíctorGodínez/141123 |
||
| 942 |
_2lcc _cLIBRO |
||
| 999 |
_c210564 _d210564 |
||